00324 a2200097 4500001001000000005001700010008004100027245006700068100002000135773007100155ART_4384720260410162026.0260409a 10aThe family gap for young women in the United States ND bRITAIN1 aWaldfogel, Jane0 tJournal of labor economicsg- Vol. 16, NÂș 3 (jul. 1998)wREV43438